Cinética de secado de la broza de café
Bewaard in:
| Hoofdauteur: | |
|---|---|
| Formaat: | Boek |
| Taal: | Spanish |
| Gepubliceerd in: |
[San José , Costa Rica]
2017
|
| Onderwerpen: | |
| Tags: |
Voeg label toe
Geen labels, Wees de eerste die dit record labelt!
|
MARC
| LEADER | 00000nam a22000007a 4500 | ||
|---|---|---|---|
| 003 | 012574 | ||
| 005 | 20221231144207.0 | ||
| 008 | 170427b2017 cr a|||| |||| 00| ||spa d | ||
| 040 | |c cru CEDI | ||
| 090 | |a TFG 7725 | ||
| 100 | |9 8088 |a Sánchez Chinchilla, Álvarado Eduardo | ||
| 245 | |a Cinética de secado de la broza de café | ||
| 260 | |a [San José , Costa Rica] |c 2017 | ||
| 300 | |a vii,60 hojas; ilustraciones algunas a color | ||
| 500 | |a Proyecto de graduación (licenciatura en ingeniería agrícola)--Universidad de Costa Rica. Facultad de Ingeniería. Escuela de Ingeniería Agrícola | ||
| 650 | |x CAFE - SECADO |x PULPA DE CAFE |x CINETICA QUIMICA |x CAFE |9 8089 | ||
| 942 | |c TFG | ||
| 999 | |c 18248 |d 18248 | ||
